Κατάλογος Βιβλιοθηκών Mediterranean College

Study Guide for World Civilizations / Volume 1 Sixth Edition (Record no. 5601)

MARC details
000 -LEADER
fixed length control field 01586cam a22002174a 4500
005 - ΗΜΕΡΟΜΗΝΙΑ ΚΑΙ ΩΡΑ ΤΕΛΕΥΤΑΙΑΣ ΕΝΗΜΕΡΩΣΗΣ
Πεδίο ελέγχου 20250605164217.0
008 - FIXED-LENGTH DATA ELEMENTS--GENERAL INFORMATION
Πεδίο ελέγχου σταθερού μήκους 250528s ||||||||||||||||||||||||d
035 ## - SYSTEM CONTROL NUMBER
System control number 20499
020 ## - ISBN
ISBN 393951030
040 ## - ΠΗΓΗ ΚΑΤΑΛΟΓΟΓΡΑΦΗΣΗΣ
Φορέας πρωτότυπης καταλογογράφησης MC Athens Campus Library
Γλώσσα καταλογογράφησης Ελληνικά, Μοντέρνα (1453-)
Modifying agency MC Athens Campus Library
Κανόνες περιγραφικής καταλογογράφησης AACR2
245 1# - ΤΙΤΛΟΣ ΚΑΙ ΔΗΛΩΣΗ ΥΠΕΥΘΥΝΟΤΗΤΑΣ
Τίτλος Study Guide for World Civilizations / Volume 1 Sixth Edition
250 ## - EDITION STATEMENT
Edition statement 6th
260 ## - PUBLICATION, DISTRIBUTION, ETC.
Name of publisher, distributor, etc. W.W. Norton & Company,
Date of publication, distribution, etc. 1982
300 ## - PHYSICAL DESCRIPTION
Extent 160
505 0# - FORMATTED CONTENTS NOTE
Formatted contents note The Earliest Beginnings, The Egyptian Civilization, The Mesopotamian and Persia Civilizations, The Helbrew Civilization, Ancient Indian Civilization, Ancient Chinese Civilization, The Dawn of History, The Hellenic Civilization, The Hellenistic Civilization, Roman Civilization, Christianity and the tRansformation of the roman World, The World in the Classic Era, The Later Middle Ages, The World in the Middle ages, The Civilization of the Renaissance, The Age of the Reformation, The Commercial Revolution and the New Society.
520 ## - SUMMARY, ETC.
Summary, etc. The Earliest Beginnings, The Egyptian Civilization, The Mesopotamian and Persia Civilizations, The Helbrew Civilization, Ancient Indian Civilization, Ancient Chinese Civilization, The Dawn of History, The Hellenic Civilization, The Hellenistic Civilization, Roman Civilization, Christianity and the tRansformation of the roman World, The World in the Classic Era, The Later Middle Ages, The World in the Middle ages, The Civilization of the Renaissance, The Age of the Reformation, The Commercial Revolution and the New Society.
700 1# - ΠΡΟΣΘΕΤΗ ΑΝΑΓΡΑΦΗ--ΦΥΣΙΚΟ ΠΡΟΣΩΠΟ
Personal name Ralph Philip L
9 (RLIN) 5233
942 ## - ADDED ENTRY ELEMENTS (KOHA)
Koha item type Books
Holdings
Τύπος τεκμηρίου Βιβλιοθήκη Τρέχουσα τοποθεσία Barcode Αριθμός εισαγωγής Ημερομηνία απόκτησης Ταξιθετικό σύμβολο Αριθμός αντιτύπου Κατάσταση απόσυρσης Κατάσταση χαμένου Κατάσταση κατεστραμμένου Μη δανεισμός Σύνολο δανεισμών Ημερομηνία τελευταίας εμφάνισης Η τιμή ισχύει από
Books MC Athens Campus Library MC Athens Campus Library 9780000056009 6977 05/06/2025 909 RAL V.1 1           05/06/2025 05/06/2025

MC Athens Campus Library
Πατησίων 94 & Κοδριγκτώνος 13, 104 34
Πελλήνης 8 & Πατησίων 107, 112 51
Τ: +30 210 8899600

MC Thessaloniki Campus Library
Ίωνος Δραγούμη 21, 54625 | Ίωνος Δραγούμη 15, 54625
Τ: +30 2310 287779 – Τ: +30 2314 440300